La promoción continua u orientada y su incidencia en el rendimiento académico de los niños y niñas del primer ciclo de Educación básica del Centro Escolar "Dr. Darío González" del distrito educativo 10-05 del municipio de San Vicente, durante el año 2002. (Registro nro. 10965)

Detalles MARC
000 -LEADER
fixed length control field 00881nam a2200193Ia 4500
005 - FECHA Y HORA DE LA ÚLTIMA TRANSACCIÓN
control field 20240305163244.0
008 - FIXED-LENGTH DATA ELEMENTS--GENERAL INFORMATION
fixed length control field 240305s9999 xx 000 0 und d
040 ## - CATALOGING SOURCE
Original cataloging agency UPAN
Transcribing agency Biblioteca San Vicente
Description conventions RCAA2
041 ## - LANGUAGE CODE
Language code of text/sound track or separate title spa
082 ## - DEWEY DECIMAL CLASSIFICATION NUMBER
Classification number 371.264
Item number Men
año de publicación 2003
100 ## - MAIN ENTRY--PERSONAL NAME
Personal name Méndez de Moreno, María Dora Dolores
Relator code aut.
245 #0 - TITLE STATEMENT
Title La promoción continua u orientada y su incidencia en el rendimiento académico de los niños y niñas del primer ciclo de Educación básica del Centro Escolar "Dr. Darío González" del distrito educativo 10-05 del municipio de San Vicente, durante el año 2002.
260 ## - PUBLICATION, DISTRIBUTION, ETC. (IMPRINT)
Place of publication, distribution, etc San Vicente:
Name of publisher, distributor, etc Universidad Panamericana,
Date of publication, distribution, etc 2003
300 ## - PHYSICAL DESCRIPTION
Extent 134 p.;
Dimensions 28 cm.
650 ## - SUBJECT ADDED ENTRY--TOPICAL TERM
Source of heading or term LEMB
Topical term or geographic name as entry element Rendimiento académico
General subdivision Promoción continua
700 ## - ADDED ENTRY--PERSONAL NAME
Personal name Barahona, Griselda Liset
Relator code aut.
700 ## - ADDED ENTRY--PERSONAL NAME
Personal name Martinez Melèndez, Santos Leonarda
Relator code aut.
942 ## - ADDED ENTRY ELEMENTS (KOHA)
Koha item type Libros
Source of classification or shelving scheme Dewey Decimal Classification
Existencias
Withdrawn status Lost status Source of classification or shelving scheme Damaged status Not for loan Collection code Home library Current library Date acquired Total Checkouts Full call number Barcode Date last seen Copy number Price effective from Koha item type
    Dewey Decimal Classification     Tesario Biblioteca UPAN San Vicente Biblioteca UPAN San Vicente 05/03/2024   371.264 Men 12100474 05/03/2024 01 05/03/2024 Trabajos de Grado